000 nam a22 7a 4500
999 _c8525
_d8525
008 180117b ||||| |||| 00| 0 eng d
100 _94914
_aGRAHAM.R.B
245 _aONE WINTERY NIGHT
260 _aUSA
_bBAKER BOOKS
_c2000